| 000 | 00655nam a2200301Ia 4500 | ||
|---|---|---|---|
| 005 | 20260401122416.0 | ||
| 008 | 008 250103s9999 xx 000 0 eng d | ||
| 020 | _a631233598 | ||
| 037 | _aTB | ||
| 040 | _aEDL | ||
| 040 | _beng | ||
| 040 | _cEDL | ||
| 041 | _2eng | ||
| 041 | _aeng | ||
| 084 | _a809.91 EAG | ||
| 084 | _qEDL | ||
| 100 | _aEagleton, Terry | ||
| 245 | 0 | _aSweet violence: Idea of the Tragic | |
| 245 | 0 | _cEagleton, Terry | |
| 260 | _aUSA | ||
| 260 | _bBlackwell Publishing | ||
| 260 | _c2003 | ||
| 300 | _a328p | ||
| 942 | _cTB | ||
| 942 | _h809.91 EAG | ||
| 999 |
_c1847083 _d1847083 |
||